000 00609nam a2200193 4500
001 123091
003 ES-MaACL
005 20240506132229.0
007 t|
008 070214s1963 ag r ||||0| spa d
100 1 _aQuasimodo, Salvatore.
_994489
245 1 0 _a25 poemas /
_cSalvatore Quasimodo ; selección, traducción, y prólogo de José Agustín Goytisolo.
260 _aBuenos Aires :
_bSur,
_c1963.
300 _a71 p ;
_c18 cm.
700 1 _aGoytisolo, José Agustín,
_d1928-
_959420
852 _aES-MaACL
_9127663
_bR.52573
_jC-24701
_cDEPO2
942 _2udc
999 _c123091
_d123091